La vie quotidienne à Rome à l'apogée de l'empire /

محفوظ في:

المؤلف الرئيسي: Carcopino, Jérôme, 1881-1970 (مؤلف)

التنسيق: كتاب

اللغة: French

منشور في: [Paris] : Hachette, [1939].

الموضوعات:

الوسوم: إضافة وسم

لا توجد وسوم, كن أول من يضع وسما على هذه التسجيلة!

رقم الطلب: DG78 .C3 1939

LEADER 00730namaa2200253 4500
001 7034
003 OSt
005 20260114130200.0
008 130303s1939 fr b 000 0 fre d
035 |a ocm40697341 
040 |c ARCE Library 
043 |a e-it--- 
050 4 |a DG78 .C3 1939 
100 1 |a Carcopino, Jérôme,  |d 1881-1970,  |e author  |9 27725 
245 1 3 |a La vie quotidienne à Rome à l'apogée de l'empire /  |c Jérôme Carcopino. 
264 1 |a [Paris] :   |b Hachette,   |c [1939]. 
300 |a 344 page ;   |c 20 cm. 
504 |a Bibliography : page [319]. 
650 0 |a City and town life  |z Rome. 
651 0 |a Rome  |x Social life and customs. 
651 0 |a Rome  |x History. 
901 |a reviewed 
942 |c BK  |2 lcc 
999 |c 3926  |d 3926